Génesis y evolución del Estado Dominicano / (Record no. 26829)
[ view plain ]
| 000 -CABECERA | |
|---|---|
| campo de control de longitud fija | 00766nam a2200217 a 4500 |
| 001 - NÚMERO DE CONTROL | |
| campo de control | 000027337 |
| 005 - FECHA Y HORA DE LA ÚLTIMA TRANSACCIÓN | |
| campo de control | 20200930030749.0 |
| 008 - DATOS DE LONGITUD FIJA--INFORMACIÓN GENERAL | |
| campo de control de longitud fija | 110331s1953 dr r 000 0 spa d |
| 040 ## - FUENTE DE LA CATALOGACIÓN | |
| Centro catalogador/agencia de origen | DO-SdBNP |
| Lengua de catalogación | spa |
| Centro/agencia transcriptor | BNPHU |
| 082 ## - NÚMERO DE LA CLASIFICACIÓN DECIMAL DEWEY | |
| Número de clasificación | 321 |
| Número de documento/Ítem | A973g |
| 100 1# - ENTRADA PRINCIPAL--NOMBRE DE PERSONA | |
| Nombre de persona | Aybar Mella, Salvador |
| 9 (RLIN) | 25133 |
| 245 10 - MENCIÓN DE TÍTULO | |
| Título | Génesis y evolución del Estado Dominicano / |
| Mención de responsabilidad, etc. | Salvador Aybar Mella. |
| 260 ## - PUBLICACIÓN, DISTRIBUCIÓN, ETC. | |
| Lugar de publicación, distribución, etc. | Santo Domingo : |
| Nombre del editor, distribuidor, etc. | Pol Hermano, |
| Fecha de publicación, distribución, etc. | 1953. |
| 300 ## - DESCRIPCIÓN FÍSICA | |
| Extensión | 93 p. ; |
| Dimensiones | 23 cm. |
| 500 ## - NOTA GENERAL | |
| Nota general | Incluye referencias bibliográficas y notas al pie de las páginas |
| 504 ## - NOTA DE BIBLIOGRAFÍA, ETC. | |
| Nota de bibliografía, etc. | Bibliografía : p. 95 |
| 590 ## - NOTA LOCAL (RLIN) | |
| Nota local | Inventariado, 2019/MFF |
| 650 #4 - PUNTO DE ACCESO ADICIONAL DE MATERIA--TÉRMINO DE MATERIA | |
| Término de materia o nombre geográfico como elemento de entrada | Estado |
| Subdivisión geográfica | República Dominicana |
| 9 (RLIN) | 33019 |
| 650 #4 - PUNTO DE ACCESO ADICIONAL DE MATERIA--TÉRMINO DE MATERIA | |
| Término de materia o nombre geográfico como elemento de entrada | Formas de gobierno |
| Subdivisión geográfica | República Dominicana |
| 9 (RLIN) | 54415 |
| 910 ## - DATOS DE OPCIÓN DEL USUARIO (OCLC) | |
| Datos de opción del usuario | Validado. Control de calidad. MFF |
| Estado de retiro | Estado de pérdida | Fuente del sistema de clasificación o colocación | No para préstamo | Código de colección | Localización permanente | Ubicación/localización actual | Ubicación en estantería | Fecha de adquisición | Total de préstamos | Signatura topográfica completa | Código de barras | Fecha visto por última vez | Número de copia | Precio válido a partir de | Tipo de ítem Koha | Nota pública | Restricciones de uso | Fuente de adquisición |
|---|---|---|---|---|---|---|---|---|---|---|---|---|---|---|---|---|---|---|
| Dewey Decimal Classification | Raros y valiosos | Biblioteca Nacional Pedro Henríquez Ureña | General | Depósito | 17.07.2019 | BNPHU DS-RV 321 A973g | 27337-30 | 25.06.2020 | e.3 | 25.06.2020 | Libro | |||||||
| Dewey Decimal Classification | Raros y valiosos | Biblioteca Nacional Pedro Henríquez Ureña | General | Depósito | 17.07.2019 | BNPHU DS-RV 321 A973g | 27337-40 | 25.06.2020 | e.4 | 25.06.2020 | Préstamo en sala | |||||||
| Dewey Decimal Classification | Raros y valiosos | Biblioteca Nacional Pedro Henríquez Ureña | General | Depósito | 17.07.2014 | BNPHU DS-RV 321 A973g | 2020-0481 | 12.11.2020 | e. 5 | 25.06.2020 | Libro | Préstamo en sala | Donación | |||||
| Dewey Decimal Classification | Excluido de préstamo | Raros y valiosos | Patrimonio Dominicano | Patrimonio Dominicano | Depósito | 31.03.2011 | BNPHU PD-RV 321 A973g | 27337-10 | 25.06.2020 | 25.06.2020 | No se presta | Perteneció a la bibliteca personal de Juan Isidro Jimenes Grullón. | ||||||
| Dewey Decimal Classification | Excluido de préstamo | Raros y valiosos | Biblioteca Nacional Pedro Henríquez Ureña | Patrimonio Dominicano | Depósito | 17.07.2019 | BNPHU PD-RV 321 A973g | 27337-20 | 25.06.2020 | e.2 | 25.06.2020 | No se presta | Perteneció a la biblioteca personal de la Flia. Reyes Duluc |
